000 01900cam a22003974a 4500
001 416215664
003 OCoLC
005 20150408114104.0
008 090619s2010 njua b 001 0 eng
010 _a2009025500
020 _a9780132368711
020 _a0132368714
020 _a9780132076500 (pbk., IE)
020 _a0132076500 (pbk., IE)
035 _a(OCoLC)416215664
_z(OCoLC)297146392
040 _aDNLM/DLC
_cDLC
_dYDX
_dBTCTA
_dYDXCP
_dNLM
_dUBY
_dIG#
_dY8N
_dBDX
_dDAY
042 _apcc
050 0 0 _aT55
_b.A83 2010
060 0 0 _a2011 J-249
060 1 0 _aWA 400
_bA817i 2010
082 0 0 _a613.62
_222
_bACI
100 1 _aAsfahl, C. Ray,
_d1938-
_918338
245 1 0 _aIndustrial safety and health management /
_cC. Ray Asfahl, David W. Rieske.
250 _a6th ed.
260 _aUpper Saddle River, N.J. :
_bPrentice Hall,
_cc2010.
300 _axi, 564 p. :
_bill. ;
_c24 cm.
504 _aIncludes bibliographical references and index.
505 0 _aThe safety and health manager -- Development of the safety and health function -- Concepts of hazard avoidance -- Impact of federal regulation -- Information systems -- Process safety and disaster preparedness -- Buildings and facilities -- Ergonomics -- Health and toxic substances -- Environmental control and noise -- Flammable and explosive materials -- Personal protection and first aid -- Fire protection -- Materials handling and storage -- Machine guarding -- Welding -- Electrical hazards -- Construction.
650 0 _aIndustrial safety.
_918339
650 0 _aIndustrial hygiene.
_918340
650 1 2 _aOccupational Health Services
_xorganization & administration
_zUnited States.
_918341
650 2 2 _aAccidents, Occupational
_xprevention & control
_zUnited States.
_918342
650 2 2 _aOccupational Diseases
_xprevention & control
_zUnited States.
_918343
700 1 _aRieske, David W.
_918344
942 _2ddc
_cDVD
999 _c26441
_d260941